[Event "Hessen Senioren-ch 2012  8th"]
[Site "Bad Sooden-Adf. (14.4.-22.4)"]
[Date "2012.04.15"]
[Round "2.16"]
[White "Niebuhr, Gerd"]
[Black "Lueders, Guenther Dr"]
[Result "1/2-1/2"]
[WhiteElo "1954"]
[BlackElo "1712"]
[PlyCount "37"]
[EventDate "2012.04.??"]
[EventType "swiss"]
[EventRounds "9"]
[EventCountry "GER"]
[WhiteTeam "Wedemark Freibauer"]
[BlackTeam "Benshausen TSV"]

1. d4 d5 2. c4 e6 3. Nc3 Nf6 4. cxd5 exd5 5. Bg5 Be7 6. e3 c6 7. Qc2 Be6 8. Bd3
h6 9. Bh4 Nh5 10. Bxe7 Qxe7 11. Nf3 Nf6 12. O-O O-O 13. Ne5 Nbd7 14. f4 Nb6 15.
Rae1 c5 16. f5 Bd7 17. Qf2 cxd4 18. exd4 Qd6 19. Re2 1/2-1/2

[Event "Hessen Senioren-ch 2012  8th"]
[Site "Bad Sooden-Adf. (14.4.-22.4)"]
[Date "2012.04.15"]
[Round "2.17"]
[White "Ghijsen, Pim"]
[Black "Micheel, Peter"]
[Result "1-0"]
[WhiteElo "1906"]
[BlackElo "1697"]
[PlyCount "78"]
[EventDate "2012.04.??"]
[EventType "swiss"]
[EventRounds "9"]
[EventCountry "GER"]
[WhiteTeam "NED/Amsterdam VAS"]
[BlackTeam "Graal-Müritz SSC"]
[WhiteTeamCountry "NED"]

1. d4 d5 2. Nf3 Nc6 3. Bf4 Bg4 4. e3 e6 5. Be2 Bd6 6. Bg3 Nh6 7. c4 Nf5 8. cxd5
Bb4+ 9. Nc3 Nxg3 10. hxg3 Qxd5 11. O-O Bxc3 12. bxc3 O-O 13. Nd2 Bxe2 14. Qxe2
b6 15. e4 Qd7 16. Nf3 f6 17. Rfd1 Ne7 18. Rd2 a5 19. Rad1 c6 20. a4 Kh8 21. Rb1
Rab8 22. Rdb2 Qc7 23. Qc4 Rfe8 24. Qa6 Nc8 25. e5 f5 26. Qc4 h6 27. Qd3 Ne7 28.
Nd2 Nd5 29. Nc4 Rf8 30. Nd6 g6 31. Rc1 Kg7 32. Qd2 c5 33. Rb5 f4 34. c4 Nb4 35.
gxf4 cxd4 36. Qxd4 Rfd8 37. c5 bxc5 38. Rbxc5 Qb6 39. Rc7+ Kh8 1-0

[Event "Hessen Senioren-ch 2012  8th"]
[Site "Bad Sooden-Adf. (14.4.-22.4)"]
[Date "2012.04.15"]
[Round "2.18"]
[White "Schlag, Franz"]
[Black "Lindner, Jan Joost"]
[Result "0-1"]
[WhiteElo "1837"]
[BlackElo "2105"]
[PlyCount "56"]
[EventDate "2012.04.??"]
[EventType "swiss"]
[EventRounds "9"]
[EventCountry "GER"]
[WhiteTeam "Bad Hersfeld SK"]
[BlackTeam "NED (Niederlande)"]
[BlackTeamCountry "NED"]

1. Nc3 a6 2. d4 e6 3. Nf3 b5 4. e4 Bb7 5. Bd3 Nf6 6. Qe2 Be7 7. a3 d5 8. O-O c5
9. exd5 Nxd5 10. Nxd5 Bxd5 11. dxc5 Nd7 12. b4 Bf6 13. Bf4 Bxa1 14. Rxa1 Qf6
15. Bg5 Bxf3 16. Bxf6 Bxe2 17. Be4 O-O 18. Be7 Nf6 19. Bxa8 Rxa8 20. Bxf6 gxf6
21. f3 Kf8 22. Kf2 Bc4 23. Ke3 Rd8 24. a4 Ke7 25. axb5 axb5 26. g4 e5 27. h4
Rd5 28. Rb1 Ke6 0-1

[Event "Hessen Senioren-ch 2012  8th"]
[Site "Bad Sooden-Adf. (14.4.-22.4)"]
[Date "2012.04.15"]
[Round "2.19"]
[White "Schumacher, Gottfried"]
[Black "Papapostolou, Christos"]
[Result "1/2-1/2"]
[WhiteElo "2080"]
[BlackElo "1933"]
[PlyCount "108"]
[EventDate "2012.04.??"]
[EventType "swiss"]
[EventRounds "9"]
[EventCountry "GER"]
[WhiteTeam "Bad Neuenahr SC"]
[BlackTeam "Bad Sooden-Allendorf SK"]

1. Nf3 Nf6 2. g3 g6 3. Bg2 Bg7 4. c4 O-O 5. O-O d6 6. Nc3 Nc6 7. d3 e5 8. Bg5
h6 9. Bd2 Re8 10. e4 Be6 11. Nd5 Kh7 12. Qc1 Ng8 13. b4 Qd7 14. b5 Nce7 15. Rb1
c6 16. Ne3 f5 17. Bc3 c5 18. Nd2 f4 19. gxf4 exf4 20. Nd5 Nxd5 21. cxd5 Bh3 22.
f3 Bxc3 23. Qxc3 Re5 24. Rf2 Rae8 25. Nc4 Rg5 26. Kh1 Bxg2+ 27. Rxg2 Qh3 28.
Rf2 Qd7 29. a4 Rh5 30. Rg2 Rh3 31. Rbg1 g5 32. Rf2 Rd8 33. Kg2 Rh4 34. Kf1 Ne7
35. Rfg2 Rf8 36. d4 cxd4 37. Qxd4 Rh3 38. Ke2 b6 39. Rc1 Ng6 40. Rc3 Nh4 41.
Rf2 g4 42. e5 g3 43. hxg3 fxg3 44. Rf1 Rh2+ 45. Kd1 Qf5 46. Nd2 dxe5 47. Qe3 g2
48. Rg1 Rh1 49. Ke2 Rf7 50. Rcc1 Rh3 51. Rc3 Nxf3 52. Nxf3 Qxf3+ 53. Qxf3 Rfxf3
54. Rc2 Kg7 1/2-1/2

[Event "Hessen Senioren-ch 2012  8th"]
[Site "Bad Sooden-Adf. (14.4.-22.4)"]
[Date "2012.04.15"]
[Round "2.20"]
[White "Kalix, Wolfgang"]
[Black "Van Geffen, Ben"]
[Result "1/2-1/2"]
[WhiteElo "1891"]
[BlackElo "1907"]
[PlyCount "47"]
[EventDate "2012.04.??"]
[EventType "swiss"]
[EventRounds "9"]
[EventCountry "GER"]
[WhiteTeam "Konstanz SVG"]
[BlackTeam "NED/Messemaker"]
[BlackTeamCountry "NED"]

1. e4 c5 2. Nf3 g6 3. c3 d5 4. Bb5+ Bd7 5. Bxd7+ Qxd7 6. exd5 Qxd5 7. O-O Nc6
8. d4 O-O-O 9. Be3 e5 10. Qc2 e4 11. Nfd2 cxd4 12. cxd4 Kb8 13. Nc3 Nxd4 14.
Bxd4 Qxd4 15. Ndxe4 Rc8 16. Rad1 Qc4 17. Qd2 f5 18. Nd6 Bxd6 19. Qxd6+ Qc7 20.
Qd4 Ne7 21. Nb5 Qc5 22. Qf4+ Ka8 23. a4 Nd5 24. Rxd5 1/2-1/2

[Event "Hessen Senioren-ch 2012  8th"]
[Site "Bad Sooden-Adf. (14.4.-22.4)"]
[Date "2012.04.15"]
[Round "2.21"]
[White "Van Dongen, Rob"]
[Black "Lang, Ferdinand(49)"]
[Result "0-1"]
[WhiteElo "1834"]
[BlackElo "2051"]
[PlyCount "126"]
[EventDate "2012.04.??"]
[EventType "swiss"]
[EventRounds "9"]
[EventCountry "GER"]
[WhiteTeam "NED/Amsterdam VAS"]
[BlackTeam "Bad Wimpfen SC"]
[WhiteTeamCountry "NED"]

1. d4 Nf6 2. c4 c5 3. d5 b5 4. cxb5 a6 5. bxa6 Bxa6 6. Nc3 d6 7. e4 Bxf1 8.
Kxf1 g6 9. g3 Bg7 10. Kg2 O-O 11. Nf3 Na6 12. Qc2 Qc7 13. Bd2 Rfb8 14. Nd1 Nb4
15. Bxb4 Rxb4 16. Nd2 Qb7 17. a3 Rb5 18. Nc4 Qa6 19. Nc3 Rb7 20. b3 Rab8 21.
Rab1 Nd7 22. a4 Bxc3 23. Qxc3 Rb4 24. Rhe1 Nb6 25. Na3 Na8 26. Nb5 Qb7 27. Rb2
Nc7 28. Nxc7 Qxc7 29. f3 Qb7 30. g4 Rxa4 31. h4 Rb4 32. Reb1 Rd4 33. Qe3 Kg7
34. h5 f6 35. hxg6 hxg6 36. Rh1 g5 37. f4 gxf4 38. Qh3 Rg8 39. Qh6+ Kf7 40.
Qh7+ Kf8 41. Qf5 e6 42. Qxf6+ Qf7 43. Qxf7+ Kxf7 44. dxe6+ Kxe6 45. Kf3 Rd3+
46. Kxf4 Rf8+ 47. Kg5 Re3 48. Rh6+ Ke5 49. Rd2 Rg8+ 50. Rg6 Rxg6+ 51. Kxg6 Rxe4
52. g5 Re3 53. Rb2 d5 54. Kh7 d4 55. g6 Rh3+ 56. Kg8 Rg3 57. g7 d3 58. Rf2 Kd4
59. Kf7 Kc3 60. g8=Q Rxg8 61. Kxg8 d2 62. Rf1 Kxb3 63. Kf7 c4 0-1

[Event "Hessen Senioren-ch 2012  8th"]
[Site "Bad Sooden-Adf. (14.4.-22.4)"]
[Date "2012.04.15"]
[Round "2.22"]
[White "Causevic, Ismet"]
[Black "Szenetra, Werner"]
[Result "0-1"]
[WhiteElo "1841"]
[BlackElo "2088"]
[PlyCount "75"]
[EventDate "2012.04.??"]
[EventType "swiss"]
[EventRounds "9"]
[EventCountry "GER"]
[WhiteTeam "Forst 1971 SF"]
[BlackTeam "Rastatt SC"]

1. d4 d6 2. c4 g6 3. Nc3 Bg7 4. e4 Nc6 5. Nf3 Bg4 6. Be2 Bxf3 7. Bxf3 Nxd4 8.
O-O Nxf3+ 9. Qxf3 c6 10. Rd1 Qc7 11. Bf4 Qb6 12. Rd2 Nf6 13. e5 dxe5 14. Bxe5
O-O 15. Rad1 Nh5 16. Bxg7 Nxg7 17. b3 Rad8 18. Rd7 Rxd7 19. Rxd7 Re8 20. h3 Ne6
21. Ne4 f5 22. Nc3 Nf8 23. Na4 Qb4 24. Rd1 e5 25. Qd3 Qe7 26. Qd6 Qxd6 27. Rxd6
Kf7 28. Nb2 Ke7 29. c5 Ne6 30. b4 Ng5 31. Nc4 Nf7 32. Rd2 Rd8 33. Rxd8 Kxd8 34.
Kf1 Kc7 35. Ke2 b5 36. Na5 Ng5 37. Kd3 Ne6 38. Nb3 0-1

[Event "Hessen Senioren-ch 2012  8th"]
[Site "Bad Sooden-Adf. (14.4.-22.4)"]
[Date "2012.04.15"]
[Round "2.23"]
[White "Franck, Rudolf"]
[Black "Schwertel, Johann"]
[Result "1-0"]
[WhiteElo "2064"]
[BlackElo "1895"]
[PlyCount "48"]
[EventDate "2012.04.??"]
[EventType "swiss"]
[EventRounds "9"]
[EventCountry "GER"]
[WhiteTeam "Ellwangen SC"]
[BlackTeam "Koblenz 03/25 SV"]

1. d4 d5 2. e3 Nf6 3. f4 c6 4. Nf3 Bf5 5. Nbd2 Ne4 6. c4 e6 7. c5 Nd7 8. b4 a6
9. a4 Be7 10. Bb2 Nxd2 11. Nxd2 Nf6 12. Be2 Ne4 13. O-O Nxd2 14. Qxd2 Be4 15.
Bd3 Bxd3 16. Qxd3 f5 17. b5 Qd7 18. bxc6 Qxc6 19. Rfb1 O-O 20. Qa3 Bd8 21. Bc1
Rf7 22. Rb2 a5 23. Rab1 Rb8 24. Rb5 Qc8 1-0

[Event "Hessen Senioren-ch 2012  8th"]
[Site "Bad Sooden-Adf. (14.4.-22.4)"]
[Date "2012.04.15"]
[Round "2.24"]
[White "Krebs, Dietmar(44)"]
[Black "Kempen, Willi"]
[Result "1-0"]
[WhiteElo "1950"]
[BlackElo "1855"]
[PlyCount "47"]
[EventDate "2012.04.??"]
[EventType "swiss"]
[EventRounds "9"]
[EventCountry "GER"]
[WhiteTeam "Kölner Dr. Lasker SK"]
[BlackTeam "Rheydter SV"]

1. e4 e5 2. Nf3 Nc6 3. Bb5 a6 4. Bxc6 dxc6 5. O-O Bg4 6. h3 h5 7. d3 Qf6 8.
Nbd2 Ne7 9. Re1 Ng6 10. d4 O-O-O 11. hxg4 hxg4 12. Nh2 Rxh2 13. Qxg4+ Kb8 14.
Kxh2 Qxf2 15. Rf1 Qxd4 16. c3 Qb6 17. Nc4 Qb5 18. b3 Bc5 19. Rxf7 Rh8+ 20. Kg3
Bg1 21. Qxg6 Qc5 22. Qxg7 Rd8 23. Bg5 Rd3+ 24. Kg4 1-0

[Event "Hessen Senioren-ch 2012  8th"]
[Site "Bad Sooden-Adf. (14.4.-22.4)"]
[Date "2012.04.15"]
[Round "2.25"]
[White "Nietsch, Horst"]
[Black "Etzold, Walter"]
[Result "1-0"]
[WhiteElo "1831"]
[BlackElo "1995"]
[PlyCount "85"]
[EventDate "2012.04.??"]
[EventType "swiss"]
[EventRounds "9"]
[EventCountry "GER"]
[WhiteTeam "Berlin Weißensee 49 SG"]
[BlackTeam "Langenberg(Gera) Elstertal SZ"]

1. e4 d6 2. d4 Nf6 3. Nc3 g6 4. Nf3 Bg7 5. Bc4 c6 6. Bb3 O-O 7. O-O b5 8. a3 a6
9. Qe2 Bb7 10. e5 Nd5 11. Nxd5 cxd5 12. e6 Qe8 13. exf7+ Qxf7 14. Ng5 Qf6 15.
Ne6 Nd7 16. Bg5 Qf7 17. Nxf8 Kxf8 18. c3 e5 19. Qd2 Re8 20. dxe5 Nc5 21. Bc2
dxe5 22. f4 e4 23. f5 Kg8 24. fxg6 Qxg6 25. Be3 Ne6 26. Bb3 Kh8 27. Rad1 Rd8
28. Rf2 Be5 29. Rdf1 Qh5 30. g3 Qh3 31. Bd4 Bxd4 32. cxd4 Rg8 33. Qe3 Ng5 34.
Bd1 Qh6 35. Kh1 Qg7 36. Bg4 Bc8 37. Bxc8 Rxc8 38. Rf5 h6 39. Rxd5 Rc2 40. Rd8+
Kh7 41. h4 Qe7 42. hxg5 Qe6 43. Kg1 1-0

[Event "Hessen Senioren-ch 2012  8th"]
[Site "Bad Sooden-Adf. (14.4.-22.4)"]
[Date "2012.04.15"]
[Round "2.26"]
[White "Zunker, Reinhard Dr"]
[Black "Schumacher, Helmut(31)"]
[Result "1/2-1/2"]
[WhiteElo "2030"]
[BlackElo "1847"]
[PlyCount "81"]
[EventDate "2012.04.??"]
[EventType "swiss"]
[EventRounds "9"]
[EventCountry "GER"]
[WhiteTeam "Hofheim 1920 SV"]
[BlackTeam "Aachen St. Josef DJK"]

1. e4 e6 2. d4 d5 3. Nc3 Bb4 4. e5 c5 5. a3 Bxc3+ 6. bxc3 Qa5 7. Bd2 Qa4 8. Qg4
g6 9. Qd1 Nc6 10. Be3 c4 11. h4 Bd7 12. h5 O-O-O 13. Nf3 h6 14. hxg6 fxg6 15.
Qd2 Nce7 16. g4 Rf8 17. Be2 Rf7 18. Kf1 Rfh7 19. Kg2 g5 20. Rh3 Ng6 21. Rah1
Nf4+ 22. Bxf4 gxf4 23. Qxf4 Qxa3 24. Nh4 Rg7 25. Ra1 Qe7 26. Rf3 h5 27. Qf8+
Kc7 28. Qxe7 Nxe7 29. Rf4 hxg4 30. Kg3 Nf5+ 31. Nxf5 exf5 32. Bf1 Rh1 33. f3
gxf3+ 34. Kxf3 a5 35. Ke2 b6 36. Rf2 Rg4 37. Kd2 f4 38. Re1 Be6 39. Be2 Rgg1
40. Rxg1 Rxg1 41. Rxf4 1/2-1/2

[Event "Hessen Senioren-ch 2012  8th"]
[Site "Bad Sooden-Adf. (14.4.-22.4)"]
[Date "2012.04.15"]
[Round "2.27"]
[White "Mertens, Gottfried"]
[Black "Niebling, Ferdinand"]
[Result "0-1"]
[WhiteElo "1829"]
[BlackElo "1998"]
[PlyCount "82"]
[EventDate "2012.04.??"]
[EventType "swiss"]
[EventRounds "9"]
[EventCountry "GER"]
[WhiteTeam "Weinheim 1911 SK"]
[BlackTeam "Frankfurt-West SC"]

1. b3 Nf6 2. Bb2 d6 3. d4 Nbd7 4. Nf3 g6 5. e3 Bg7 6. Bd3 O-O 7. O-O e5 8. Nbd2
Qe7 9. dxe5 dxe5 10. e4 b6 11. Nc4 Nh5 12. Re1 Bb7 13. g3 Rad8 14. Qe2 Rfe8 15.
Rad1 h6 16. a4 Qe6 17. Ne3 Nc5 18. Bc4 Qc8 19. Nh4 Rxd1 20. Rxd1 Nxe4 21. Nxg6
Qh3 22. Qg4 Qxg4 23. Nxg4 Ng5 24. h4 Bf3 25. Nxh6+ Bxh6 26. hxg5 Bxd1 27. gxh6
Bxc2 28. Nxe5 Re7 29. Kf1 c5 30. Be2 Nf6 31. f3 Nd7 32. f4 Kh7 33. Kf2 Nxe5 34.
fxe5 Kxh6 35. Bc1+ Kg6 36. Bf4 Bf5 37. g4 Be6 38. Bd3+ Kg7 39. Bc2 Rd7 40. Be3
Rd8 41. Bg5 Rd4 0-1

[Event "Hessen Senioren-ch 2012  8th"]
[Site "Bad Sooden-Adf. (14.4.-22.4)"]
[Date "2012.04.15"]
[Round "2.28"]
[White "Achenbach, Manfred"]
[Black "Hoellger, Herbert"]
[Result "0-1"]
[WhiteElo "1989"]
[BlackElo "1841"]
[PlyCount "87"]
[EventDate "2012.04.??"]
[EventType "swiss"]
[EventRounds "9"]
[EventCountry "GER"]
[WhiteTeam "Mülheim 08/25 SC"]
[BlackTeam "Bad Hersfeld SK"]

1. Nf3 g6 2. c4 Bg7 3. g3 e5 4. Nc3 Nc6 5. Bg2 d6 6. d3 h6 7. Rb1 Be6 8. O-O
Qd7 9. b4 Nf6 10. b5 Nd8 11. c5 Nd5 12. Bb2 Nxc3 13. Bxc3 Bxa2 14. Rb2 Bd5 15.
e4 Be6 16. d4 Bc4 17. Re1 Bxb5 18. cxd6 cxd6 19. dxe5 dxe5 20. Qb3 Ba4 21. Qa3
f6 22. Nh4 Bf8 23. Qa1 Kf7 24. Rd2 Qe8 25. Bh3 Bc6 26. Red1 Bc5 27. Qa2+ Kg7
28. Bd7 Qf7 29. Qa1 Bxe4 30. Bxe5 Nc6 31. Bxc6 Bxc6 32. Bxf6+ Kh7 33. Bxh8 Rxh8
34. Qe5 b6 35. Nxg6 Re8 36. Qh5 Bf3 37. Rd7 Bxh5 38. Rxf7+ Kxg6 39. Rdd7 a5 40.
Kg2 Be2 41. Rg7+ Kf6 42. Rh7 Bf8 43. Rb7 b5 44. Rhf7+ 0-1

[Event "Hessen Senioren-ch 2012  8th"]
[Site "Bad Sooden-Adf. (14.4.-22.4)"]
[Date "2012.04.15"]
[Round "2.29"]
[White "Fleischer, Martin"]
[Black "Lenk, Wolfgang"]
[Result "0-1"]
[WhiteElo "1758"]
[BlackElo "2022"]
[PlyCount "40"]
[EventDate "2012.04.??"]
[EventType "swiss"]
[EventRounds "9"]
[EventCountry "GER"]
[WhiteTeam "Schwerin Einheit SV"]
[BlackTeam "Dresden TU USV"]

1. e4 d6 2. Nf3 Nf6 3. c3 g6 4. h3 Bg7 5. Qc2 c5 6. d4 cxd4 7. cxd4 O-O 8. Bg5
Nc6 9. Nbd2 Bd7 10. Rc1 Rc8 11. Qb1 Qa5 12. a3 Nxd4 13. b4 Nxf3+ 14. Nxf3 Qxa3
15. Rd1 Be6 16. Bc1 Qb3 17. Be3 Qxb1 18. Rxb1 Nxe4 19. Bxa7 Ba2 20. Rd1 Bc3+
0-1

[Event "Hessen Senioren-ch 2012  8th"]
[Site "Bad Sooden-Adf. (14.4.-22.4)"]
[Date "2012.04.15"]
[Round "2.30"]
[White "Hampel, Johannes"]
[Black "Voermans, Adri"]
[Result "1/2-1/2"]
[WhiteElo "1950"]
[BlackElo "1906"]
[PlyCount "52"]
[EventDate "2012.04.??"]
[EventType "swiss"]
[EventRounds "9"]
[EventCountry "GER"]
[WhiteTeam "Dresden-Leuben SV"]
[BlackTeam "NED/Den Haag DD"]
[BlackTeamCountry "NED"]

1. d4 Nf6 2. c4 g6 3. Nc3 d5 4. cxd5 Nxd5 5. e4 Nxc3 6. bxc3 Bg7 7. Bc4 O-O 8.
Ne2 c5 9. O-O Nc6 10. Be3 cxd4 11. cxd4 Bg4 12. f3 Na5 13. Bd3 Be6 14. Rc1 Bxa2
15. Qa4 Be6 16. d5 b6 17. Bb5 Bc8 18. Bf4 a6 19. Bd3 Bd7 20. Qa3 e5 21. dxe6
Bxe6 22. Bc7 Bd4+ 23. Kh1 Qf6 24. Nxd4 Qxd4 25. Rfd1 Qe3 26. Bd6 Rfc8 1/2-1/2

[Event "Hessen Senioren-ch 2012  8th"]
[Site "Bad Sooden-Adf. (14.4.-22.4)"]
[Date "2012.04.15"]
[Round "2.31"]
[White "Klein, Klaus(36)"]
[Black "Gousseinov, Aguif"]
[Result "1/2-1/2"]
[WhiteElo "1823"]
[BlackElo "1935"]
[PlyCount "82"]
[EventDate "2012.04.??"]
[EventType "swiss"]
[EventRounds "9"]
[EventCountry "GER"]
[WhiteTeam "Heidelberg SF"]
[BlackTeam "FRA/Paris"]
[BlackTeamCountry "FRA"]

1. e4 e5 2. Nf3 Nf6 3. Nxe5 d6 4. Nf3 Nxe4 5. Nc3 Nf6 6. d4 d5 7. Bg5 Be7 8.
Bd3 O-O 9. h3 Re8 10. O-O c6 11. Re1 Nbd7 12. Qd2 Nf8 13. Bxf6 Bxf6 14. Rxe8
Qxe8 15. Re1 Be6 16. Ne2 Qd7 17. Nf4 Bf5 18. Nh5 Bd8 19. Ne5 Qc8 20. Bxf5 Qxf5
21. Ng3 Qg5 22. Qb4 Bb6 23. Nf3 Qd8 24. Qe7 Rb8 25. c3 Ng6 26. Qxd8+ Rxd8 27.
Nd2 Kf8 28. Kf1 Nf4 29. Re3 g6 30. Ne2 Bc7 31. Nf3 f6 32. Ne1 Kf7 33. Nxf4 Bxf4
34. Re2 a5 35. Nd3 Bc7 36. Nc5 Rb8 37. a4 Bd6 38. b4 b6 39. Nd3 Rc8 40. bxa5
bxa5 41. Rb2 Rb8 1/2-1/2

[Event "Hessen Senioren-ch 2012  8th"]
[Site "Bad Sooden-Adf. (14.4.-22.4)"]
[Date "2012.04.15"]
[Round "2.32"]
[White "Kahn, Peter"]
[Black "Reimann, Guenther"]
[Result "1/2-1/2"]
[WhiteElo "1952"]
[BlackElo "1779"]
[PlyCount "62"]
[EventDate "2012.04.??"]
[EventType "swiss"]
[EventRounds "9"]
[EventCountry "GER"]
[WhiteTeam "Siebenlehner SV"]
[BlackTeam "Magstadt SC"]

1. d4 e6 2. e4 d5 3. Nd2 Nf6 4. e5 Nfd7 5. f4 c5 6. c3 Nc6 7. Ndf3 Qb6 8. g3
cxd4 9. cxd4 Bb4+ 10. Kf2 f6 11. Kg2 Be7 12. Bd3 Nf8 13. Ne2 f5 14. a3 Bd7 15.
b4 h6 16. h4 g6 17. Be3 Kf7 18. h5 Qd8 19. Qd2 Rc8 20. Kf2 Kg7 21. Rag1 gxh5
22. Rxh5 Be8 23. Rhh1 h5 24. Nh4 Ng6 25. Nxg6 Bxg6 26. Nc3 Kf7 27. Rh2 Rh7 28.
Ke2 Qh8 29. Bf2 Bd8 30. Nb5 Be7 31. Nc3 Qd8 1/2-1/2

[Event "Hessen Senioren-ch 2012  8th"]
[Site "Bad Sooden-Adf. (14.4.-22.4)"]
[Date "2012.04.15"]
[Round "2.33"]
[White "Rollwitz, Juergen"]
[Black "Petzold, Hans ProfDr"]
[Result "1/2-1/2"]
[WhiteElo "1755"]
[BlackElo "1996"]
[PlyCount "23"]
[EventDate "2012.04.??"]
[EventType "swiss"]
[EventRounds "9"]
[EventCountry "GER"]
[WhiteTeam "Berlin Wedding SG"]
[BlackTeam "Dresden TU USV"]

1. e4 e6 2. d4 d5 3. exd5 exd5 4. Bd3 Bd6 5. Ne2 Qf6 6. Be3 Ne7 7. Qd2 h6 8.
Bf4 Nbc6 9. Bxd6 Qxd6 10. c3 Bf5 11. Na3 a6 12. Nc2 1/2-1/2

[Event "Hessen Senioren-ch 2012  8th"]
[Site "Bad Sooden-Adf. (14.4.-22.4)"]
[Date "2012.04.15"]
[Round "2.34"]
[White "Hoffmann, Erich(36)"]
[Black "Limberg, Siegfried"]
[Result "1/2-1/2"]
[WhiteElo "1736"]
[BlackElo "1980"]
[PlyCount "71"]
[EventDate "2012.04.??"]
[EventType "swiss"]
[EventRounds "9"]
[EventCountry "GER"]
[WhiteTeam "Bergeborbeck DJK"]
[BlackTeam "Königstein/Schwalbach Sfr."]

1. e4 c5 2. d4 cxd4 3. c3 dxc3 4. Nxc3 Nc6 5. Bc4 d6 6. Nf3 e6 7. O-O a6 8. Qe2
b5 9. Bb3 Bb7 10. Rd1 Qc7 11. Bf4 Rd8 12. Rac1 Qb8 13. Ng5 Nf6 14. Bg3 h6 15.
e5 Nxe5 16. Bxe5 hxg5 17. Bxf6 gxf6 18. Bxe6 fxe6 19. Qxe6+ Be7 20. Re1 Rd7 21.
Qxf6 Rf8 22. Qxg5 Qa7 23. Qg3 Kd8 24. Rxe7 Rxe7 25. Qxd6+ Ke8 26. Qg6+ Kd7 27.
Qd3+ Ke8 28. Qg6+ Rff7 29. Qg8+ Rf8 30. Qg6+ Kd7 31. Qd3+ Ke8 32. Qg6+ Kd7 33.
Qd3+ Ke8 34. Qg6+ Rff7 35. Qg8+ Rf8 36. Qg6+ 1/2-1/2

[Event "Hessen Senioren-ch 2012  8th"]
[Site "Bad Sooden-Adf. (14.4.-22.4)"]
[Date "2012.04.15"]
[Round "2.36"]
[White "Boehme, Erich"]
[Black "Gerhardt, Peter-Michael"]
[Result "1/2-1/2"]
[WhiteElo "1740"]
[BlackElo "1916"]
[PlyCount "49"]
[EventDate "2012.04.??"]
[EventType "swiss"]
[EventRounds "9"]
[EventCountry "GER"]
[WhiteTeam "Stadtallendorf SK"]
[BlackTeam "Vahr SC"]

1. c4 Nf6 2. d4 c5 3. d5 b5 4. b3 g6 5. Bb2 Bg7 6. Nd2 bxc4 7. bxc4 O-O 8. e4
d6 9. Bd3 Nbd7 10. Ngf3 Rb8 11. Bc3 Ng4 12. Bxg7 Kxg7 13. O-O Nde5 14. Nxe5
Nxe5 15. Qc2 Nxd3 16. Qxd3 Bd7 17. f4 Qc7 18. Qc3+ f6 19. h3 Qb6 20. Rab1 Qc7
21. Rfe1 Rxb1 22. Nxb1 Rb8 23. Nd2 Qb6 24. e5 Qd8 25. exf6+ 1/2-1/2

[Event "Hessen Senioren-ch 2012  8th"]
[Site "Bad Sooden-Adf. (14.4.-22.4)"]
[Date "2012.04.15"]
[Round "2.37"]
[White "Arp, Frans"]
[Black "Bendisch, Juergen Dr"]
[Result "1-0"]
[WhiteElo "1833"]
[BlackElo "1692"]
[PlyCount "49"]
[EventDate "2012.04.??"]
[EventType "swiss"]
[EventRounds "9"]
[EventCountry "GER"]
[WhiteTeam "NED/Haarlem"]
[BlackTeam "Hennef 1927 SV"]
[WhiteTeamCountry "NED"]

1. e4 c5 2. Nf3 e6 3. d4 cxd4 4. Nxd4 a6 5. Nc3 Qc7 6. Bd3 Nf6 7. O-O Be7 8.
Kh1 b5 9. f4 d6 10. e5 Nfd7 11. exd6 Bxd6 12. Bxb5 Bb7 13. Be2 Nc6 14. Ndb5
axb5 15. Nxb5 Qb8 16. Qxd6 Kd8 17. Qxb8+ Rxb8 18. Nd6 Ke7 19. Nxb7 Rxb7 20. Bf3
Rc7 21. b3 Rd8 22. Ba3+ Ke8 23. Bd6 Rcc8 24. c4 Nf6 25. Rad1 1-0

[Event "Hessen Senioren-ch 2012  8th"]
[Site "Bad Sooden-Adf. (14.4.-22.4)"]
[Date "2012.04.15"]
[Round "2.38"]
[White "Bachmann, Rolf"]
[Black "Stuiber, WIlhelm"]
[Result "1-0"]
[WhiteElo "1933"]
[BlackElo "1642"]
[PlyCount "81"]
[EventDate "2012.04.??"]
[EventType "swiss"]
[EventRounds "9"]
[EventCountry "GER"]
[WhiteTeam "Hamm SVg"]
[BlackTeam "Euskirchen SK"]

1. d4 d5 2. c4 e6 3. Nf3 f5 4. g3 Nf6 5. Bg2 c6 6. Qc2 Bd6 7. Bf4 Bxf4 8. gxf4
Qe7 9. Ne5 O-O 10. Nd2 Ne4 11. Nxe4 fxe4 12. e3 Nd7 13. Nxd7 Qb4+ 14. Qc3 Qxc3+
15. bxc3 Bxd7 16. a4 Rfb8 17. Kd2 b6 18. Rhb1 Rb7 19. Ra2 Rab8 20. Rab2 Bc8 21.
Bf1 c5 22. cxd5 exd5 23. dxc5 bxc5 24. Rxb7 Rxb7 25. Rxb7 Bxb7 26. a5 Kf7 27.
Be2 Bc6 28. f3 Kf6 29. fxe4 dxe4 30. Kc2 Bd5 31. Kb2 h6 32. Ka3 Ke6 33. Ka4 Kd6
34. Kb5 Bb7 35. Bg4 Bc6+ 36. Ka6 Kc7 37. Kxa7 Bb5 38. Be6 Bc6 39. Ka6 Kd6 40.
Kb6 Ba8 41. Bc8 1-0

[Event "Hessen Senioren-ch 2012  8th"]
[Site "Bad Sooden-Adf. (14.4.-22.4)"]
[Date "2012.04.15"]
[Round "2.39"]
[White "Kaufmann, Helmut(33)"]
[Black "Papenkordt, Karl-Hermann"]
[Result "1-0"]
[WhiteElo "1897"]
[BlackElo "1628"]
[PlyCount "53"]
[EventDate "2012.04.??"]
[EventType "swiss"]
[EventRounds "9"]
[EventCountry "GER"]
[WhiteTeam "Eutingen SK"]
[BlackTeam "Witten SG"]

1. d4 c5 2. e3 cxd4 3. exd4 d5 4. Bd3 e6 5. Nf3 Nc6 6. c3 Nf6 7. Nbd2 Bd6 8.
Qe2 O-O 9. Ne5 Nd7 10. Ndf3 Qc7 11. Ng4 Re8 12. O-O e5 13. dxe5 Ndxe5 14. Ngxe5
Nxe5 15. Nxe5 Rxe5 16. Qf3 g6 17. Bf4 Rh5 18. Bxd6 Qxd6 19. g3 Bd7 20. Rfe1 Bc6
21. Qe3 a5 22. Qd4 Qd7 23. Bf1 b5 24. Bg2 Rb8 25. a3 b4 26. Bf3 Rh6 27. Qf4 1-0

[Event "Hessen Senioren-ch 2012  8th"]
[Site "Bad Sooden-Adf. (14.4.-22.4)"]
[Date "2012.04.15"]
[Round "2.40"]
[White "Husser, Oskar"]
[Black "Noble, Alexander"]
[Result "0-1"]
[WhiteElo "1649"]
[BlackElo "1939"]
[PlyCount "72"]
[EventDate "2012.04.??"]
[EventType "swiss"]
[EventRounds "9"]
[EventCountry "GER"]
[WhiteTeam "Falkensee Caissa SC"]
[BlackTeam "Bad Nauheim SC"]

1. Nf3 Nf6 2. g3 b6 3. Bg2 Bb7 4. O-O e6 5. d3 Be7 6. Nbd2 O-O 7. e4 d6 8. b3
Nbd7 9. Bb2 c5 10. Re1 Qc7 11. c4 Rad8 12. Qe2 Rfe8 13. d4 cxd4 14. Nxd4 a6 15.
Rac1 h6 16. a4 Nc5 17. f3 Nfd7 18. Ra1 Ne5 19. Ba3 Bf6 20. Qe3 d5 21. Bxc5 bxc5
22. Nc2 dxc4 23. bxc4 Nd3 24. Reb1 Nb4 25. Rxb4 cxb4 26. Rb1 Bc3 27. Nb3 a5 28.
c5 Bc6 29. Bf1 Bxa4 30. Bc4 Bxb3 31. Bxb3 Rd2 32. Kh1 Red8 33. Rf1 Qd7 34. Rf2
Rxf2 35. Qxf2 Qd1+ 36. Qg1 Qxf3+ 0-1